000 00772nam a22002297a 4500
999 _c6467
_d6467
003 AR-CdUCM
008 190318b ||||| |||| 00| 0 spa d
040 _aMUNICIPALIDAD PROVINCIAL DEL CUSCO
_cBIBLIOTECA MUNICIPAL DEL CUSCO
082 _a498.5103 /
_bME4
100 _aCusihuaman G, Antonio
_918323
245 _aDiccionario quechua :
_bCuzco collao /
260 _aLima :
_bIEP,
_c1976.
300 _a303 paginas ;
_c20 cm.
440 _aMinisterio de educación
_915645
505 _aContenido : Prologo -- Introducción -- Abreviaturas empleadas -- Quechua castellano ...
650 _aQuechua
_92063
650 _aCuzco collao
_918324
650 _aDiccionario quechua
_97357
710 _aMinisterio de educación
_97870
942 _2ddc
_cLIBROS
945 _arah